000 00810nam a22002417a 4500
001 BR8002900
003 BR-BrBNA
005 20230928090616.0
007 ta
008 230509b bl.||||| |||| 00| 0 por d
040 _aBR-BrBNA
_bpor
_cBiblioteca Nacional de Agricultura
041 _a(Por)
072 _aC00
_b/G514
090 _ C00 BR8002900
110 1 _aMinisterio da Educacao e Cultura, Brasilia, DF (Brasil). Secretaria de Ensino Superior
_97014
245 1 _aPrograma de Educacao Agricola Superior-PEAS, Programa de Desenvolvimento do Ensino de Ciencias Agrarias - PRODECA 1974/1979 [Brasil]
_bRelatorio
260 3 _aBrasilia, DF (Brasil):
_c1980.
300 _a48 p.
500 _a16 graphs; 15 tables
650 _aEducacao agricola
909 _a202309
_bLucia
_c55
_dLucia Elande
942 _cBK
999 _c29614
_d29614